00787nam a22001697a 4500008004000000020001800040050002400058100003600082245021400118250001100332260005500343300002100398490003600419504002900455650006400484650006900548140924t cl||||| |||| 00| 0 spa d a978958710201704aK3161 .R4bB74 20081 aBrewer Carías, Allan-Randolph10aReflexiones sobre la Revolución Norteamericana (1776), la Revolución Francesa (1789) y la Revolución Hispanoamericana (1810-1830), y sus aportes al constitucionalismo moderno / cAllen R. Brewer-Carías a2a ed. aBogotá, Colombia :bUniversidad Externada,c2008 a369 p. ;c20 cm. 0aDerecho administrativo ;vno. 2 abibliografias e índice 72LEMBaHistoria xConstitucióny1775-1783 zAmerica Latina 72LEMBaDerecho constitucionalxGuerrasy 1789-1799zLAtinoamerica